Real or Fake Dj Khaled Quote - Statistics

General Stats
  • This quiz has been taken 60 times
  • The average score is 5 of 10
Answer Stats
Question Answer % Correct
"Basically what I'm trying to tell you is that it's almost impossible to drive a jet ski at night time unless you're in a city with lights lit up so you can navigate. Besides being pitch black, that water turn black at night. Listen, I don't recommend it." Real
83%
"The key to more success is to have a lot of pillows.” Real
69%
“The other day the grass was brown, now its green cuz I ain’t give up. Never surrender.” Real
66%
"I love having an unlimited supply of cocoa butter." Real
60%
"You gotta water your plants. Nobody can water them for you." Real
57%
"I might rub peanut butter over my iconic belly today. #Blessed #Pray" Fake
49%
“I put cocoa butter all over my face and my iconic belly and my arms and legs. Why live rough? Live smooth.” Real
46%
"Life is like a lobster. On one hand is a claw, but the other is friendly." Fake
40%
"I like to take bubble baths and eat lobsters. " Fake
34%
"They ask why I'm fat... I only gain, never lose" Fake
23%
No matching quizzes found
Score Distribution
Percent of People with Each Score
Percentile by Number Answered
Your Score History
You have not taken this quiz